Sports Quiz

Random Sports or City Quiz

Host Cities of Both the Olympics and FIFA World Cup Quiz Stats

 Plays Quiz not verified by Sporcle

Challenge
Share
Tweet
Embed
Score 0/12 Timer 03:00
0 Plays Today
City % Correct
London
91.6%
Paris
89%
Berlin
79.5%
Los Angeles
79.3%
Rome
76.7%
Barcelona
66.7%
Seoul
62.3%
Mexico City
62.3%
Munich
62.1%
Stockholm
58.6%
Turin
34.1%
Sapporo
17%

You're not logged in!

Compare scores with friends on all Sporcle quizzes.
OR
Log In

You Might Also Like...

Show Comments

Extras

Top Quizzes Today


Score Distribution

Your Account Isn't Verified!

In order to create a playlist on Sporcle, you need to verify the email address you used during registration. Go to your Sporcle Settings to finish the process.

Report this User

Report this user for behavior that violates our Community Guidelines.

Details: